000 004130000a22001690004500
003 MACL
005 20151219144647.0
008 151219b xxu||||| |||| 00| 0 eng d
040 _aMACL
_cMACL
041 _aEnglish
082 _a574/RAV
100 _aRaven, Deter H
_921445
245 _aBiology
260 _bWm C Brown Publishers
_c1995
_aAmerica
650 _aLife Science
_921446
942 _cBK
_k574/RAV
_2ddc
999 _c40391
_d40391